Países aleatorios por banderas de países limítrofes - Estadísticas

Estadísticas generales
  • Esta prueba ha sido intentada 3.279 veces
  • La puntuación promedio es 12 de 16
Estadísticas de respuestas
Banderas de países limítrofes Países % Correcto
Andorra
93%
Canadá
93%
Estados Unidos
93%
Portugal
93%
Suecia
93%
San Marino | Ciudad del Vaticano
92%
Argentina
91%
España
91%
Irlanda
91%
Noruega
91%
Paraguay
91%
Italia
90%
Marruecos
90%
Uruguay
90%
Alemania
89%
Bélgica
88%
Brasil
88%
Corea del Norte
88%
Corea del Sur
88%
Ecuador
88%
Estonia
88%
Bolivia
87%
Chile
87%
Finlandia
87%
México
87%
Francia
86%
Luxemburgo | Países Bajos
86%
Mongolia
86%
Rusia
86%
Lesoto
85%
Reino Unido
85%
Suiza
85%
Venezuela
85%
Colombia
84%
Bielorrusia
83%
Guyana
83%
Austria
82%
Catar
82%
Dinamarca
82%
Haití
82%
Kosovo
82%
Moldavia
82%
Mónaco
82%
Bosnia y Herzegovina
81%
Grecia
81%
Letonia
81%
Perú
81%
Polonia
81%
Surinam
81%
Albania
80%
Armenia
80%
Belice
79%
Bután | Nepal
79%
China
79%
Costa Rica
79%
El Salvador
79%
Georgia
79%
Honduras
79%
India
79%
Omán
79%
Panamá
79%
República Checa
79%
Yemen | Emiratos Árabes Unidos
79%
Azerbaiyán
78%
Lituania
78%
Guatemala
77%
Indonesia
77%
Israel
77%
Nicaragua
77%
Serbia
77%
Eslovenia
76%
Laos
76%
Montenegro
76%
Túnez
76%
Turquía
76%
Ucrania
76%
Jordania
75%
Arabia Saudita
74%
Croacia
74%
Irak
74%
Líbano
74%
Macedonia del Norte
74%
Pakistán
74%
Rumania
74%
Malasia
73%
República Dominicana
73%
Siria
73%
Tailandia
73%
Vietnam
73%
Bangladés
72%
Bulgaria
72%
Liechtenstein
72%
Eslovaquia
71%
Camboya
70%
Libia
70%
Myanmar
70%
Argelia
69%
Hungría
69%
Kazajistán
69%
Sudán
69%
Uzbekistán
69%
Irán
68%
Kirguistán
68%
Afganistán
67%
Egipto
67%
Mauritania
67%
Botsuana
66%
Namibia
66%
Esuatini
65%
Timor Oriental | Papúa Nueva Guinea
65%
Etiopía
64%
Kuwait
64%
Níger
64%
Nigeria
64%
República Democrática del Congo
64%
Sudáfrica
64%
Gambia
63%
Somalia
63%
Yibuti
63%
Malí
62%
Sierra Leona
62%
Turkmenistán
62%
Tayikistán
61%
Chad
60%
Zimbabue
60%
Eritrea
59%
Zambia
59%
Camerún
58%
Guinea Ecuatorial
58%
República Centroafricana
57%
República del Congo
57%
Togo
57%
Ghana
56%
Kenia
56%
Mozambique
56%
Benín
55%
Gabón
55%
Ruanda
52%
Sudán del Sur
51%
Malaui
50%
Burkina Faso
49%
Guinea
49%
Senegal
49%
Burundi
48%
Uganda
48%
Angola
47%
Costa de Marfil
47%
Liberia
47%
Tanzania
47%
Guinea-Bissau
43%
No se encontraron pruebas coincidentes
Distribución de puntuación
Porcentaje de gente con cada puntuación
Porcentaje por número respondido
Historial de tus puntuaciones
No has intentado esta prueba.